Antropología y teología em la acción misionera
Salvato in:
| Ente Autore: | |
|---|---|
| Natura: | Libro |
| Lingua: | spagnolo |
| Pubblicazione: |
Iquitos
Vicariato Apostólico de Iquitos
1972
|
| Soggetti: | |
| Tags: |
Aggiungi Tag
Nessun Tag, puoi essere il primo ad aggiungerne!!
|
MARC
| LEADER | 00000nam a2200000 a 4500 | ||
|---|---|---|---|
| 001 | UCR1193 | ||
| 003 | CL-VaPUC | ||
| 008 | 971212e19720000PE |||||||||||||||||spa|d | ||
| 082 | 0 | 4 | |a 233 |b VIC |2 21 |
| 110 | 2 | |a Vicariato Apostólico de Iquitos |e author |9 398115 | |
| 245 | 1 | 0 | |a Antropología y teología em la acción misionera |
| 300 | |a 167 p | ||
| 942 | |c BK | ||
| 945 | |d 19971212 00:00:00 |a jquezada | ||
| 260 | |a Iquitos |b Vicariato Apostólico de Iquitos |c 1972 | ||
| 650 | 0 | |a Teología cristiana |9 308336 | |
| 650 | 0 | |a Antropología filosófica |9 265842 | |
| 650 | 0 | |a Cultura |9 269059 | |
| 650 | 7 | |a HOMBRE |2 CL-VaPUC |9 262149 | |
| 650 | 0 | |a Iglesia Católica |9 256114 | |
| 650 | 7 | |a MISION |2 CL-VaPUC |9 398116 | |
| 583 | |a last modification |c 19971212 00:00:00 |k Rodrigo Vera | ||
| 999 | |c 264672 |d 264670 | ||
| 952 | |0 0 |1 0 |4 0 |6 233_000000000000000_VIC_1972 |7 0 |8 A |9 295049 |a BIBTEO |b BIBTEO |d 2019-11-19 |i 3370135 |o 233 VIC 1972 |p 3370135 |r 2025-01-17 |w 2019-11-19 |y BK |k ICR | ||